Οι απαρχές της ελληνικής σκέψης
Saved in:
| Main Author: | |
|---|---|
| Other Authors: | , |
| Format: | Book |
| Language: | Greek French |
| Published: |
Αθήνα :
Καρδαμίτσα,
1992.
|
| Subjects: | |
| Tags: |
Add Tag
No Tags, Be the first to tag this record!
|
MARC
| LEADER | 00000cam a2200000 i 4500 | ||
|---|---|---|---|
| 001 | 1/68777 | ||
| 008 | 931208s1992 gr | ||| |||| ||gre|| | ||
| 020 | |a 9607262042 | ||
| 035 | |a ΛΕΣΒΟΣb10002128 |l 10002128 | ||
| 040 | |a GR-MyUA |b gre |e AACR2 | ||
| 041 | 1 | |a gre |h fre | |
| 082 | 0 | |a 938.1 | |
| 100 | 1 | |a Vernant, Jean Pierre, |d 1914-2007. | |
| 245 | 1 | 3 | |a Οι απαρχές της ελληνικής σκέψης / |c Jean-Pierre Vernant ; επιμέλεια-εισαγωγή Η. Π. Νικολούδης ; μετάφραση Ελένη Κακοσαίου-Νικολούδη. |
| 260 | |a Αθήνα : |b Καρδαμίτσα, |c 1992. | ||
| 300 | |a 186 σ. | ||
| 500 | |a Τίτλος πρωτοτύπου: Les origines de la pensée grecque. | ||
| 650 | 0 | 0 | |a History, Ancient. |
| 651 | 0 | |a Greece |x History. | |
| 700 | 1 | |a Κακοσαίου, Ελένη, |e trlf | |
| 700 | 1 | |a Νικολούδης, Ηλίας Π., |d 1939- |e edt | |
| 852 | |a INST |b LESVOS |e 19931208 |h 938.1 VER |p 005100005268 |q 005100005268 |t BK |y 0 | ||
| 909 | |a Λ |b 032830 | ||